| 000 | 00706nam a2200193Ia 4500 | ||
|---|---|---|---|
| 003 | GCL | ||
| 008 | 140319s9999 xx 000 0 ara d | ||
| 040 |
_aGCL / _cGCL |
||
| 082 | 0 | 4 |
_a342.03 _bح د |
| 100 | 1 | _aخميس السيد اسماعيل | |
| 245 | 1 | 0 |
_aدعوى الالفاء ووقف تنفيذ القرار الادارى وقضاء التنفيذ واشكالاته والصيغ القانونية امام مجلس الدولة / _cخميس السيد اسماعيل |
| 260 |
_a[S.N] : _bالمؤلف IPA ، _c1993 |
||
| 300 | _a669 ص | ||
| 490 | _a | ||
| 650 | 0 | 4 | _aالقانون |
| 650 | 0 | 4 | _aالقانون الادارى |
| 650 | 0 | 4 | _aالقضاء الاداري |
| 942 |
_2ddc _cBK |
||
| 999 |
_c55706 _d55706 |
||